| 000 | 00526cam a22001934a 4500 | ||
|---|---|---|---|
| 005 | 20250605164244.0 | ||
| 008 | 250528s ||||||||||||||||||||||||d | ||
| 035 | _a21442 | ||
| 040 |
_aGR-AtMCL _bgre _dGR-AtMCL _eAACR2 |
||
| 245 | 1 | _aΑΓΟΡΕΣ ΧΡΗΜΑΤΟΣ ΚΑΙ ΚΕΦΑΛΑΙΟΥ | |
| 250 | _a1 | ||
| 260 |
_bΣακκουλα, _c1990 |
||
| 300 | _a301 | ||
| 700 | 1 |
_aΘωμαδακης Σταυρος _97480 |
|
| 700 | 1 | _aΞανθακης Μανωλης | |
| 942 | _cBK | ||
| 999 |
_c6504 _d6504 |
||